| 000 | 01446nam0a2200373 4500 | ||
|---|---|---|---|
| 001 | RU\NLR\BIBL_A\012790202 | ||
| 005 | 20220620135557.0 | ||
| 010 |
_a978-5-907340-11-4 _94000 |
||
| 021 |
_aRU _bАЛ-П-21-00091и _9АЛ-П-21-0017 |
||
| 035 | _a(NLR Aleph) 012790202 | ||
| 035 | _a(RuMoRGB)010578713 | ||
| 090 |
_a13150603 _c13150603 |
||
| 100 | _a20220518d2020 u y0rusy50 ca | ||
| 101 | 1 |
_arus _cjpn |
|
| 102 | _aRU | ||
| 105 | _aa|||t|||000ay | ||
| 181 | 0 |
_ab3 _bbb2e |
|
| 181 | 0 |
_ai1 _baxxe |
|
| 182 | 0 | _an | |
| 200 | 1 |
_aМой друг - Козерог _fоригинальный сюжет Оцуити _gманга-адаптация Масару Миёкава _g[переводчик: А. Лесьо] |
|
| 203 |
_aИзображение _aТекст _bвизуальные _cнепосредственные |
||
| 210 |
_aМосква _cИстари Комикс _d2020 |
||
| 215 |
_a221, [4] с. _cил., цв. ил. _d18 |
||
| 333 | _aДля детей старше 12 лет | ||
| 686 | 0 | _aЩ153(5Я)65-475 | |
| 686 | 1 | _aШ6(5Я)67-440.4комикс{Лх2318-45комикс} | |
| 701 | 0 |
_aМиёкава Масару _f1982- _4010 |
|
| 702 | 0 |
_4570 _7ca _8rus _aОцуити _cхудожник-мангака _f1978- _986374 _3RU\NLR\AUTH\77103448 |
|
| 942 | _cBOOK | ||
| 980 | _aNBR | ||
| 980 | _aNB | ||